<?xml version="1.0" encoding="UTF-8"?>
<collection xmlns="http://www.loc.gov/MARC21/slim">
<record>
  <controlfield tag="001">255862</controlfield>
  <controlfield tag="005">20250715173215.0</controlfield>
  <datafield tag="035" ind1=" " ind2=" ">
    <subfield code="a">G:(GEPRIS)379155385</subfield>
  </datafield>
  <datafield tag="024" ind1="7" ind2=" ">
    <subfield code="a">G:(GEPRIS)379155385</subfield>
    <subfield code="d">379155385</subfield>
  </datafield>
  <datafield tag="040" ind1=" " ind2=" ">
    <subfield code="a">GEPRIS</subfield>
    <subfield code="c">http://gepris.its.kfa-juelich.de</subfield>
  </datafield>
  <datafield tag="150" ind1=" " ind2=" ">
    <subfield code="a">Zentrale Aufgaben (Z)</subfield>
    <subfield code="y">2017 - 2025</subfield>
  </datafield>
  <datafield tag="371" ind1=" " ind2=" ">
    <subfield code="a">Professor Dr. Stephan Grabbe</subfield>
  </datafield>
  <datafield tag="371" ind1=" " ind2=" ">
    <subfield code="a">Professor Dr. Rudolf Zentel</subfield>
  </datafield>
  <datafield tag="450" ind1=" " ind2=" ">
    <subfield code="a">SFB 1066 Z</subfield>
    <subfield code="w">d</subfield>
    <subfield code="y">2017 - 2025</subfield>
  </datafield>
  <datafield tag="510" ind1="1" ind2=" ">
    <subfield code="a">Deutsche Forschungsgemeinschaft</subfield>
    <subfield code="0">I:(DE-588b)2007744-0</subfield>
    <subfield code="b">DFG</subfield>
  </datafield>
  <datafield tag="550" ind1=" " ind2=" ">
    <subfield code="0">G:(GEPRIS)213555243</subfield>
    <subfield code="a">SFB 1066: Nanodimensionale polymere Therapeutika für die Tumortherapie</subfield>
    <subfield code="w">t</subfield>
  </datafield>
  <datafield tag="680" ind1=" " ind2=" ">
    <subfield code="a"></subfield>
  </datafield>
  <datafield tag="909" ind1="C" ind2="O">
    <subfield code="o">oai:juser.fz-juelich.de:922465</subfield>
    <subfield code="p">authority:GRANT</subfield>
    <subfield code="p">authority</subfield>
  </datafield>
  <datafield tag="980" ind1=" " ind2=" ">
    <subfield code="a">G</subfield>
  </datafield>
  <datafield tag="980" ind1=" " ind2=" ">
    <subfield code="a">AUTHORITY</subfield>
  </datafield>
  <datafield tag="909" ind1="C" ind2="O">
    <subfield code="o">oai:juser.fz-juelich.de:922465</subfield>
  </datafield>
</record>
</collection>